000 00405nam a2200157 i 4500
001 88648
003 ES-MaACL
005 20230906175910.0
007 t|
008 050105s1966 sp ||||1| spa d
100 1 _aLancha, María Paz.
_969902
245 1 3 _aEl Mar /
_cMª Paz Lancha.
260 _aSevilla :
_bEd. Católica,
_c1966.
300 _a94 p. ;
_c20 cm.
852 _aES-MaACL
_jC-30396
_bR.59936
999 _c88648
_d88648